[Event "Arad op-A 14th"]
[Site "Arad"]
[Date "2021.08.04"]
[Round "7"]
[White "Balan, Bogdan"]
[Black "Coicev, Matei Andrei"]
[Result "1-0"]
[WhiteElo "2067"]
[BlackElo "1968"]
[PlyCount "120"]
[EventDate "2021.07.30"]
[EventType "swiss"]
[EventRounds "9"]
[EventCountry "ROU"]
[SourceTitle "CBM 203 Extra"]
[Source "ChessBase"]
[SourceDate "2021.09.30"]
[SourceVersion "1"]
[SourceVersionDate "2021.09.30"]
[SourceQuality "1"]

1. d4 Nf6 2. c4 c5 3. d5 b5 4. cxb5 a6 5. e3 Bb7 6. Nc3 axb5 7. Bxb5 Qa5 8. Bd2 Qb6 9. Nf3 Nxd5 10. Nxd5 Bxd5 11. a4 e6 12. Bc3 Be7 13. 0-0 Qb7 14. Qe2 Bf6 15. Rfc1 Rg8 16. Nd2 Bc6 17. e4 Bxc3 18. bxc3 Ke7 19. Qe3 d6 20. e5 Nd7 21. exd6+ Kxd6 22. Ne4+ Bxe4 23. Rd1+ Bd5 24. Bxd7 Qxd7 25. c4 Rxa4 26. cxd5 Rxa1 27. Rxa1 Rc8 28. Qg3+ Ke7 29. dxe6 Qxe6 30. Qxg7 Rc7 31. Qxh7 Qe5 32. Qh4+ Ke6 33. Qc4+ Ke7 34. Rc1 Rc6 35. g3 Rc7 36. Rc3 Kf8 37. Re3 Qa1+ 38. Kg2 Qa8+ 39. Qe4 Qxe4+ 40. Rxe4 c4 41. Re2 Kg7 42. Kf3 Kf6 43. Kf4 Rc5 44. Rc2 c3 45. Ke4 Kg6 46. Kd4 Rh5 47. h4 f5 48. Rxc3 f4 49. Ke4 fxg3 50. Rc6+ Kg7 51. fxg3 Ra5 52. Rd6 Kh7 53. Re6 Kg7 54. g4 Kh7 55. Re5 Ra1 56. Kf5 Ra4 57. Re7+ Kg8 58. h5 Ra6 59. g5 Ra4 60. Re6 Ra7 1-0

[Event "Arad op-A 14th"]
[Site "Arad"]
[Date "2021.07.31"]
[Round "2"]
[White "Balan, Bogdan"]
[Black "Bargan, Sergei"]
[Result "0-1"]
[WhiteElo "2067"]
[BlackElo "2250"]
[PlyCount "96"]
[EventDate "2021.07.30"]
[EventType "swiss"]
[EventRounds "9"]
[EventCountry "ROU"]
[SourceTitle "CBM 203 Extra"]
[Source "ChessBase"]
[SourceDate "2021.09.30"]
[SourceVersion "1"]
[SourceVersionDate "2021.09.30"]
[SourceQuality "1"]

1. Nf3 Nf6 2. c4 g6 3. Nc3 Bg7 4. e4 d6 5. d4 0-0 6. h3 c5 7. Be3 cxd4 8. Nxd4 Nc6 9. Be2 Bd7 10. 0-0 Nxd4 11. Bxd4 Bc6 12. Bf3 a5 13. Nd5 Bxd5 14. cxd5 Nd7 15. Bxg7 Kxg7 16. Qd4+ f6 17. Be2 Nc5 18. b3 Qd7 19. Rac1 b5 20. f4 b4 21. Rf3 Qa7 22. Kh1 Nd7 23. Qb2 Rfc8 24. Bb5 Rxc1+ 25. Qxc1 Qc5 26. Qf1 Nb6 27. Bc6 Ra7 28. Qd1 e6 29. Rd3 exd5 30. Bxd5 Re7 31. Qd2 Qc8 32. f5 Re5 33. Be6 Qc5 34. Rxd6 Rxe4 35. Rd8 g5 36. Rb8 Qe5 37. Rxb6 Re1+ 38. Qxe1 Qxe1+ 39. Kh2 h5 40. Rb5 Kh6 41. Rxa5 g4 42. hxg4 hxg4 43. Bd5 g3+ 44. Kh3 Kg5 45. Rb5 Kf4 46. Rxb4+ Qxb4 47. Kh4 Qf8 48. Kh5 Qg7 0-1

[Event "ROM-ch U18"]
[Site "Mamaia"]
[Date "2021.04.12"]
[Round "8"]
[White "Dobrin, Ionut Alexandru"]
[Black "Balan, Bogdan"]
[Result "0-1"]
[WhiteElo "2054"]
[BlackElo "1935"]
[PlyCount "120"]
[EventDate "2021.04.07"]
[EventType "swiss"]
[EventRounds "9"]
[EventCountry "ROU"]
[SourceTitle "EXT 2022"]
[Source "ChessBase"]
[SourceDate "2021.10.06"]
[SourceVersion "1"]
[SourceVersionDate "2021.10.06"]
[SourceQuality "1"]

1. d4 Nf6 2. c4 e6 3. Nf3 c5 4. d5 d6 5. Nc3 exd5 6. cxd5 g6 7. Nd2 Nbd7 8. e4 Bg7 9. Be2 0-0 10. 0-0 a6 11. a4 Re8 12. h3 Rb8 13. Re1 Qc7 14. Bf1 Nf8 15. Ndb1 N8d7 16. Na3 h6 17. f4 Nh7 18. Kh1 g5 19. g3 Bd4 20. Qh5 Bg7 21. fxg5 hxg5 22. e5 Rxe5 23. Rxe5 Nxe5 24. Bxg5 Bf5 25. Bf4 Bg6 26. Qe2 Nd3 27. Qd2 Nxf4 28. Qxf4 Re8 29. Nc4 Be5 30. Nxe5 Rxe5 31. Bg2 Qb6 32. Qd2 Qb4 33. Rf1 Ng5 34. Rf4 Qa5 35. Rg4 Nh7 36. Qh6 Qd8 37. Qd2 Nf6 38. Rg5 Qe7 39. Kh2 Re1 40. h4 Kf8 41. Bf3 Qe3 42. Qxe3 Rxe3 43. Kg2 Be4 44. Nxe4 Nxe4 45. Bxe4 Rxe4 46. h5 f6 47. Rf5 Kf7 48. Rf3 Rxa4 49. Rb3 Rb4 50. Rxb4 cxb4 51. Kf3 a5 52. Ke3 a4 53. Kd3 a3 54. bxa3 bxa3 55. Kc3 b5 56. g4 Kg7 57. Kb3 b4 58. Ka2 Kh6 59. Kb3 Kg5 60. Ka2 f5 0-1

[Event "ROM-ch U18"]
[Site "Mamaia"]
[Date "2021.04.08"]
[Round "2"]
[White "Balan, Bogdan"]
[Black "Tudoroiu, Razvan Catalin"]
[Result "1-0"]
[WhiteElo "1935"]
[BlackElo "1773"]
[PlyCount "83"]
[EventDate "2021.04.07"]
[EventType "swiss"]
[EventRounds "9"]
[EventCountry "ROU"]
[SourceTitle "EXT 2022"]
[Source "ChessBase"]
[SourceDate "2021.10.06"]
[SourceVersion "1"]
[SourceVersionDate "2021.10.06"]
[SourceQuality "1"]

1. d4 Nf6 2. c4 e6 3. Nc3 Bb4 4. Bd2 0-0 5. Nf3 d5 6. e3 c5 7. dxc5 Bxc5 8. cxd5 Nxd5 9. Nxd5 Qxd5 10. Rc1 Nc6 11. Bc4 Qd6 12. a3 a5 13. Qc2 b6 14. Bd3 f5 15. Bb5 Ne7 16. Bc3 Nd5 17. Be5 Qe7 18. Bc6 Bb7 19. Bxb7 Qxb7 20. 0-0 Rac8 21. Qb3 Qe7 22. Bd4 Rfd8 23. Bxc5 Rxc5 24. Nd4 Rdc8 25. Rxc5 Rxc5 26. Rd1 Qf7 27. Qd3 g6 28. g3 e5 29. Nb3 e4 30. Qd4 Rb5 31. Qc4 Nc7 32. Rd8+ Kg7 33. Qd4+ Kh6 34. Rd7 Qf8 35. Rxc7 Rxb3 36. Qd7 Qg8 37. Qe7 g5 38. Qf6+ Qg6 39. Qf8+ Kh5 40. Rg7 Qh6 41. h3 Qe6 42. Rxh7+ 1-0

[Event "ROM-chT div-A"]
[Site "Mamaia"]
[Date "2019.09.29"]
[Round "9.5"]
[White "Balan, Bogdan"]
[Black "Zogorean, Petru"]
[Result "1-0"]
[WhiteElo "2043"]
[BlackElo "1828"]
[PlyCount "131"]
[EventDate "2019.09.21"]
[EventType "team-tourn"]
[EventRounds "9"]
[EventCountry "ROU"]
[SourceTitle "EXT 2020"]
[Source "ChessBase"]
[SourceDate "2019.10.17"]
[SourceVersion "1"]
[SourceVersionDate "2019.10.17"]
[SourceQuality "1"]
[WhiteTeam "Urziceni Viitorul"]
[BlackTeam "Bistrita"]
[WhiteTeamCountry "ROU"]
[BlackTeamCountry "ROU"]

1. d4 Nf6 2. c4 e6 3. Nc3 d5 4. Nf3 Be7 5. Qc2 c6 6. e3 Nbd7 7. Bd3 dxc4 8. Bxc4 Nd5 9. 0-0 a6 10. e4 Nxc3 11. bxc3 h6 12. a4 Nf6 13. a5 0-0 14. h3 b5 15. axb6 Qxb6 16. Bf4 a5 17. Rfb1 Qd8 18. Ne5 Qe8 19. f3 Bd6 20. Qd2 Bxe5 21. dxe5 Nd7 22. Qd3 Ba6 23. Bxa6 Rxa6 24. Rb7 Nb8 25. Rab1 Ra8 26. Bc1 Qd8 27. Ba3 Re8 28. Qxd8 Rxd8 29. Bd6 Nd7 30. Rc7 Rac8 31. Ra7 Ra8 32. Rbb7 Rxa7 33. Rxa7 Nf8 34. Rxa5 Rc8 35. Ra7 Ng6 36. g3 h5 37. h4 Nh8 38. Kf2 Kh7 39. Ke3 Kg6 40. Kd4 f6 41. f4 c5+ 42. Bxc5 fxe5+ 43. fxe5 Nf7 44. Re7 Rc6 45. Bd6 Nd8 46. Re8 Rc8 47. Kd3 Ra8 48. Bc7 Ra1 49. Bxd8 Kf7 50. Re7+ Kf8 51. Rxe6 Rd1+ 52. Kc4 Rxd8 53. Rd6 Rc8+ 54. Kd4 Ke7 55. c4 Ra8 56. Rg6 Kf7 57. Rg5 Rd8+ 58. Kc3 g6 59. c5 Rd1 60. Kc4 Re1 61. Kd5 Rd1+ 62. Kc6 Re1 63. e6+ Kf6 64. e5+ Kxe6 65. Rxg6+ Kxe5 66. Rg5+ 1-0

[Event "ROM-chT div-A"]
[Site "Mamaia"]
[Date "2019.09.28"]
[Round "8.3"]
[White "Balan, Bogdan"]
[Black "Mihai, Catalin"]
[Result "0-1"]
[WhiteElo "2043"]
[BlackElo "1931"]
[PlyCount "76"]
[EventDate "2019.09.21"]
[EventType "team-tourn"]
[EventRounds "9"]
[EventCountry "ROU"]
[SourceTitle "EXT 2020"]
[Source "ChessBase"]
[SourceDate "2019.10.17"]
[SourceVersion "1"]
[SourceVersionDate "2019.10.17"]
[SourceQuality "1"]
[WhiteTeam "Urziceni Viitorul"]
[BlackTeam "Ploiesti Universitar"]
[WhiteTeamCountry "ROU"]
[BlackTeamCountry "ROU"]

1. d4 g6 2. c4 d6 3. Nc3 Nd7 4. Nf3 e5 5. d5 a5 6. e4 Nc5 7. Qc2 Bh6 8. Na4 Nxa4 9. Qxa4+ Bd7 10. Qc2 Bxc1 11. Rxc1 b6 12. Nd2 Ne7 13. g3 0-0 14. Bg2 f5 15. 0-0 f4 16. b3 g5 17. h3 Ng6 18. g4 Nh4 19. f3 h5 20. Rf2 hxg4 21. hxg4 Qc8 22. Qd1 Kg7 23. a3 Rf6 24. b4 axb4 25. axb4 Ra4 26. Qb3 Qa8 27. c5 bxc5 28. bxc5 Ra3 29. Qc4 Ra4 30. Qe2 Qa7 31. Qd3 Rf8 32. Nb1 Rb8 33. Bf1 Ra1 34. Qd1 Ba4 35. Qe1 Rb2 36. Nd2 Raa2 37. Bg2 Qa5 38. cxd6 cxd6 0-1

[Event "Arad op 12th"]
[Site "Arad"]
[Date "2019.07.31"]
[Round "9"]
[White "Balan, Bogdan"]
[Black "Nastase, Robert Paul"]
[Result "0-1"]
[WhiteElo "2036"]
[BlackElo "2283"]
[PlyCount "94"]
[EventDate "2019.07.24"]
[EventType "swiss"]
[EventRounds "9"]
[EventCountry "ROU"]
[SourceTitle "CBM 191 Extra"]
[Source "ChessBase"]
[SourceDate "2019.09.30"]
[SourceVersion "1"]
[SourceVersionDate "2019.09.30"]
[SourceQuality "1"]

1. e4 c5 2. Nf3 d6 3. d4 cxd4 4. Nxd4 Nf6 5. Nc3 a6 6. Be3 e6 7. g4 h5 8. gxh5 Rxh5 9. Be2 Rh8 10. f4 Nbd7 11. Qd2 Qc7 12. a4 b6 13. Bf3 Bb7 14. 0-0-0 Rc8 15. Qg2 Qb8 16. Rhe1 Rxc3 17. bxc3 e5 18. Nb3 Qc7 19. Kb2 Bc6 20. Ra1 Qb7 21. Bd2 Kd8 22. c4 Kc8 23. f5 a5 24. Qe2 Ne8 25. c3 f6 26. Kc2 Nc5 27. Nxc5 dxc5 28. Kb3 Nd6 29. Qg2 Be8 30. Re3 Bf7 31. Be2 Kd8 32. Rf1 Qa6 33. Ra1 Ke8 34. Bd3 Nxc4 35. Bxc4 Qxc4+ 36. Kc2 Qb3+ 37. Kc1 c4 38. Rg3 Rh7 39. h3 Bh5 40. Qg1 Be2 41. Be1 Bd3 42. Rg2 Ba3+ 43. Rxa3 Qb1+ 44. Kd2 Qc2+ 45. Ke3 Rxh3+ 46. Bg3 Rxg3+ 47. Rxg3 Qe2# 0-1

[Event "Arad op 12th"]
[Site "Arad"]
[Date "2019.07.27"]
[Round "5"]
[White "Balan, Bogdan"]
[Black "Marjanovic, Annamaria"]
[Result "0-1"]
[WhiteElo "2036"]
[BlackElo "2343"]
[PlyCount "88"]
[EventDate "2019.07.24"]
[EventType "swiss"]
[EventRounds "9"]
[EventCountry "ROU"]
[SourceTitle "CBM 191 Extra"]
[Source "ChessBase"]
[SourceDate "2019.09.30"]
[SourceVersion "1"]
[SourceVersionDate "2019.09.30"]
[SourceQuality "1"]

1. d4 e6 2. c4 Nf6 3. Nc3 Bb4 4. Bd2 b6 5. Nf3 Bb7 6. e3 Bxc3 7. Bxc3 Ne4 8. Rc1 d6 9. Bd3 f5 10. 0-0 0-0 11. Nd2 Nxc3 12. Rxc3 Nc6 13. Be2 Ne7 14. f4 Ng6 15. Bf3 Bxf3 16. Nxf3 Qe7 17. g3 Rad8 18. d5 e5 19. Ng5 Rf6 20. Qa4 a5 21. Ne6 Rc8 22. Qc6 Nf8 23. Nxf8 Rfxf8 24. a3 exf4 25. exf4 Qe4 26. Rcf3 Rfe8 27. b4 axb4 28. axb4 Re7 29. Kg2 Rce8 30. Ra1 Qd4 31. Ra8 Rxa8 32. Qxa8+ Kf7 33. Qc8 g6 34. Rf2 Qxc4 35. Qh8 Qxd5+ 36. Kh3 Qe6 37. Qxh7+ Ke8 38. Qh8+ Kd7 39. Rc2 Qe4 40. Ra2 Re8 41. Qg7+ Qe7 42. Qxg6 Rh8+ 43. Kg2 Qe4+ 44. Kg1 Qb1+ 0-1

[Event "ROM-ch U16"]
[Site "Calimanesti Caciulata"]
[Date "2019.04.21"]
[Round "8"]
[White "Tablan, Matei Christian"]
[Black "Balan, Bogdan"]
[Result "0-1"]
[WhiteElo "1697"]
[BlackElo "2074"]
[PlyCount "120"]
[EventDate "2019.04.15"]
[EventType "swiss"]
[EventRounds "9"]
[EventCountry "ROU"]
[SourceTitle "CBM 190 Extra"]
[Source "ChessBase"]
[SourceDate "2019.07.15"]
[SourceVersion "1"]
[SourceVersionDate "2019.07.15"]
[SourceQuality "1"]

1. e4 c5 2. Nf3 d6 3. c3 Nf6 4. Be2 Nc6 5. d4 cxd4 6. cxd4 Nxe4 7. d5 Qa5+ 8. Nc3 Nxc3 9. bxc3 Ne5 10. 0-0 g6 11. Nxe5 dxe5 12. Rb1 a6 13. Be3 Bg7 14. Bb6 Qxa2 15. Rb4 0-0 16. Bc5 Rd8 17. Bc4 Qa3 18. Bb3 e6 19. Qf3 e4 20. Qf4 e5 21. Qe3 Bf8 22. Bxf8 Rxf8 23. Qb6 Qb2 24. d6 Qxc3 25. Rc4 Qd3 26. Rd1 Qe2 27. Rc7 Be6 28. Rdc1 Bxb3 29. Qxb3 b5 30. Qd5 e3 31. fxe3 Qxe3+ 32. Kh1 Qd4 33. Qc6 Rad8 34. Rd7 e4 35. Rf1 Rxd7 36. Qxd7 e3 37. Qe7 e2 38. Rg1 Kg7 39. d7 Rd8 40. Qxe2 Rxd7 41. h3 Qd5 42. Rf1 f5 43. Qb2+ Qd4 44. Qa2 Qc4 45. Qb2+ Qd4 46. Qa2 b4 47. Rb1 Qc3 48. Qa4 Rd4 49. Qxa6 f4 50. Qe6 f3 51. Qe7+ Kh6 52. Qf8+ Kh5 53. g4+ Kh4 54. Rg1 Qe3 55. Qg7 h5 56. Qf6+ Kxh3 57. Qxg6 h4 58. Qf5 Qf4 59. Qc2 Rd2 60. Rg3+ Kxg3 0-1

[Event "ROM-ch U08"]
[Site "Calimanesti Caciulata"]
[Date "2019.04.19"]
[Round "6"]
[White "Balan, Bogdan"]
[Black "Sofronie, Vladimir"]
[Result "0-1"]
[WhiteElo "1001"]
[BlackElo "1001"]
[PlyCount "34"]
[EventDate "2019.04.15"]
[EventType "swiss"]
[EventRounds "9"]
[EventCountry "ROU"]
[SourceTitle "CBM 190 Extra"]
[Source "ChessBase"]
[SourceDate "2019.07.15"]
[SourceVersion "1"]
[SourceVersionDate "2019.07.15"]
[SourceQuality "1"]

1. e4 e5 2. Bc4 Nf6 3. Nc3 Nxe4 4. Nxe4 d5 5. Bb3 dxe4 6. Qh5 Qe7 7. Ba4+ Bd7 8. Bxd7+ Nxd7 9. d3 a6 10. Bg5 Qb4+ 11. Bd2 Qxb2 12. Rd1 Qxc2 13. Rc1 Qa4 14. dxe4 0-0-0 15. Nf3 Nc5 16. Qh3+ Kb8 17. Qf5 Bd6 0-1

[Event "ROM-ch U16"]
[Site "Calimanesti Caciulata"]
[Date "2019.04.18"]
[Round "5"]
[White "Bulau, Andrei Cristian"]
[Black "Balan, Bogdan"]
[Result "1-0"]
[WhiteElo "2250"]
[BlackElo "2074"]
[PlyCount "57"]
[EventDate "2019.04.15"]
[EventType "swiss"]
[EventRounds "9"]
[EventCountry "ROU"]
[SourceTitle "CBM 190 Extra"]
[Source "ChessBase"]
[SourceDate "2019.07.15"]
[SourceVersion "1"]
[SourceVersionDate "2019.07.15"]
[SourceQuality "1"]

1. d4 Nf6 2. c4 e6 3. Nc3 Bb4 4. Qc2 0-0 5. Nf3 c5 6. dxc5 Na6 7. g3 Nxc5 8. Bg2 b6 9. 0-0 Bxc3 10. Qxc3 Bb7 11. b3 d5 12. Rd1 Nce4 13. Qb2 Qe7 14. Ne5 dxc4 15. Nxc4 Rfd8 16. Bf4 Rxd1+ 17. Rxd1 Rd8 18. Rxd8+ Qxd8 19. f3 b5 20. Ne3 Nc5 21. Qe5 Nfd7 22. Qd4 f6 23. Bd6 Qb6 24. Bh3 Kf7 25. Bxc5 Nxc5 26. b4 Na4 27. Qd7+ Kf8 28. Bxe6 Qxe3+ 29. Kf1 1-0

[Event "ROM-ch U08"]
[Site "Calimanesti Caciulata"]
[Date "2019.04.17"]
[Round "3"]
[White "Petcu, Alexandru Florin"]
[Black "Balan, Bogdan"]
[Result "1-0"]
[WhiteElo "1033"]
[BlackElo "1001"]
[PlyCount "52"]
[EventDate "2019.04.15"]
[EventType "swiss"]
[EventRounds "9"]
[EventCountry "ROU"]
[SourceTitle "CBM 190 Extra"]
[Source "ChessBase"]
[SourceDate "2019.07.15"]
[SourceVersion "1"]
[SourceVersionDate "2019.07.15"]
[SourceQuality "1"]

1. d4 d5 2. e3 Nf6 3. Nf3 e6 4. Bd3 Nc6 5. Nbd2 Bb4 6. c3 Bd6 7. a3 0-0 8. Qc2 e5 9. dxe5 Bxe5 10. Ng5 h6 11. Ngf3 Bg4 12. Nxe5 Nxe5 13. Bf5 Bxf5 14. Qxf5 Qe8 15. f4 Ned7 16. Nf3 Qe4 17. Qxe4 dxe4 18. Nd4 Nc5 19. 0-0 Nd3 20. b4 Nxc1 21. Raxc1 Ng4 22. Nc2 Rad8 23. h3 Nf6 24. Rfe1 b6 25. c4 c5 26. bxc5 bxc5 1-0

[Event "ROM-ch U16"]
[Site "Calimanesti Caciulata"]
[Date "2019.04.15"]
[Round "1"]
[White "Balan, Bogdan"]
[Black "Caraba, Alexandru"]
[Result "0-1"]
[WhiteElo "2074"]
[BlackElo "1677"]
[PlyCount "124"]
[EventDate "2019.04.15"]
[EventType "swiss"]
[EventRounds "9"]
[EventCountry "ROU"]
[SourceTitle "CBM 190 Extra"]
[Source "ChessBase"]
[SourceDate "2019.07.15"]
[SourceVersion "1"]
[SourceVersionDate "2019.07.15"]
[SourceQuality "1"]

1. Nf3 Nc6 2. c4 e6 3. Nc3 Nf6 4. d4 Bb4 5. e3 Bxc3+ 6. bxc3 d6 7. Bd3 0-0 8. Nd2 e5 9. 0-0 Re8 10. Qc2 b6 11. Ne4 h6 12. Ng3 Ba6 13. f3 exd4 14. cxd4 Nb4 15. Qa4 Nxd3 16. Qxa6 Nxc1 17. Raxc1 Rxe3 18. Nf5 Re8 19. Rfe1 Qd7 20. Ne3 c6 21. a4 Rab8 22. a5 g6 23. axb6 Rxb6 24. Qa3 Reb8 25. Ra1 R8b7 26. Qa5 Rb2 27. d5 c5 28. Qc3 Qd8 29. Nf1 R2b3 30. Qc1 Kg7 31. Ra6 Re7 32. Rd1 Rb6 33. Ra2 Qb8 34. Nd2 Ne8 35. Qc3+ Kh7 36. Rda1 f5 37. Qc2 Nf6 38. Nf1 Nh5 39. g3 Rb4 40. f4 Nf6 41. Nd2 Kg7 42. Qc3 Kf7 43. h3 Ne4 44. Nxe4 fxe4 45. Qc2 Rb3 46. Kh2 Qb4 47. Rc1 a5 48. Qe2 Rc3 49. Rac2 Rxc2 50. Rxc2 Qb3 51. Kg2 a4 52. f5 Qd3 53. fxg6+ Kg7 54. Ra2 Qxe2+ 55. Rxe2 e3 56. Kf3 a3 57. g4 Kxg6 58. h4 h5 59. g5 Kf5 60. Kg3 Ke4 61. Ra2 Kd4 62. Rxa3 e2 0-1

[Event "ROM-ch U14"]
[Site "Calimanesti"]
[Date "2018.03.30"]
[Round "5"]
[White "Stepanencu, Nicodim Cosmin"]
[Black "Balan, Bogdan"]
[Result "1-0"]
[WhiteElo "1804"]
[BlackElo "1860"]
[PlyCount "63"]
[EventDate "2018.03.27"]
[EventType "swiss"]
[EventRounds "9"]
[EventCountry "ROU"]
[SourceTitle "CBM 183 Extra"]
[Source "ChessBase"]
[SourceDate "2018.04.19"]
[SourceVersion "1"]
[SourceVersionDate "2018.04.19"]
[SourceQuality "1"]

1. Nf3 Nf6 2. c4 e6 3. g3 d5 4. Bg2 dxc4 5. 0-0 c6 6. a4 a5 7. Qc2 Qd5 8. Ne1 Qc5 9. Na3 Na6 10. Qxc4 Nd5 11. e4 Nb6 12. Qe2 Nxa4 13. Nd3 Qb6 14. Ne5 N6c5 15. Nac4 Qb4 16. Qh5 g6 17. Qf3 f5 18. exf5 exf5 19. b3 Nb6 20. Re1 Be6 21. Nxc6 bxc6 22. Qxc6+ Kf7 23. Nxb6 Ra6 24. Rxe6 Rxb6 25. Rf6+ Kg7 26. Qxb6 Qd4 27. Rb1 Be7 28. Bb2 Qb4 29. Re6+ Kf7 30. Qxb4 axb4 31. Rxe7+ Kxe7 32. Bxh8 1-0

[Event "ROM-ch U14"]
[Site "Calimanesti"]
[Date "2018.03.29"]
[Round "4"]
[White "Balan, Bogdan"]
[Black "Coca, Cristi Iulian"]
[Result "1/2-1/2"]
[WhiteElo "1860"]
[BlackElo "1962"]
[PlyCount "102"]
[EventDate "2018.03.27"]
[EventType "swiss"]
[EventRounds "9"]
[EventCountry "ROU"]
[SourceTitle "CBM 183 Extra"]
[Source "ChessBase"]
[SourceDate "2018.04.19"]
[SourceVersion "1"]
[SourceVersionDate "2018.04.19"]
[SourceQuality "1"]

1. d4 Nf6 2. c4 g6 3. Nc3 Bg7 4. e4 d6 5. Nf3 0-0 6. Be2 e5 7. d5 a5 8. h3 Na6 9. Be3 Nc5 10. Qc2 Nh5 11. Nd2 Nf4 12. Bf1 f5 13. g3 Nh5 14. Be2 Nf6 15. h4 Ncxe4 16. Ndxe4 fxe4 17. Nxe4 Nxe4 18. Qxe4 Bf5 19. Qg2 e4 20. 0-0-0 Qe8 21. g4 Bd7 22. h5 g5 23. h6 Bf6 24. Kb1 Qg6 25. Rh5 Rae8 26. Kc1 b6 27. Rd2 Ba4 28. b3 Bd7 29. a3 Re7 30. Rc2 Ra8 31. Kd2 Kf8 32. a4 Rae8 33. Rc1 Kg8 34. Rf1 Bc8 35. Qg1 Kh8 36. f4 exf3 37. Rxf3 Re4 38. Bd3 Bxg4 39. Bxe4 Qxe4 40. Rxf6 Bxh5 41. Qxg5 Bg6 42. Re6 Qd3+ 43. Ke1 Rf8 44. Bf4 Qc3+ 45. Kf2 Qd4+ 46. Kg3 Qg1+ 47. Kh4 Qh1+ 48. Kg3 Qg1+ 49. Kh4 Qh1+ 50. Kg3 Qg1+ 51. Kh4 Qh1+ 1/2-1/2

[Event "ROM-ch U14"]
[Site "Baile Felix"]
[Date "2017.02.05"]
[Round "4"]
[White "Balan, Bogdan"]
[Black "Anton, Claudiu George Alex"]
[Result "1-0"]
[WhiteElo "1965"]
[BlackElo "1576"]
[PlyCount "113"]
[EventDate "2017.02.02"]
[EventType "swiss"]
[EventRounds "9"]
[EventCountry "ROU"]
[SourceTitle "CBM 176 Extra"]
[Source "ChessBase"]
[SourceDate "2017.03.02"]
[SourceVersion "1"]
[SourceVersionDate "2017.03.02"]
[SourceQuality "1"]

1. d4 f5 2. c4 Nf6 3. Nf3 e6 4. g3 d5 5. cxd5 exd5 6. Bg5 Bd6 7. Bg2 0-0 8. 0-0 c6 9. Nc3 Qe8 10. Bxf6 Rxf6 11. e3 Nd7 12. a3 Rf8 13. Rc1 Nf6 14. Re1 Ne4 15. Nd2 Bd7 16. f3 Nf6 17. e4 fxe4 18. fxe4 Ng4 19. e5 Nf2 20. exd6 Nxd1 21. Rxe8 Raxe8 22. Rxd1 Rf6 23. Rf1 Rxd6 24. Nf3 Rf6 25. Ne5 Rxf1+ 26. Kxf1 Bf5 27. Kf2 Kf8 28. Na4 Bc8 29. Nc3 c5 30. Nf3 Bg4 31. dxc5 Bxf3 32. Bxf3 d4 33. Ne4 Rc8 34. Ke2 b6 35. b4 bxc5 36. bxc5 Rb8 37. Nd6 Rb2+ 38. Kd3 Rb3+ 39. Kxd4 Ke7 40. Be4 Rxa3 41. Bxh7 Ra2 42. h4 Rd2+ 43. Ke5 a5 44. Bg8 a4 45. Nf5+ Kd7 46. Nxg7 a3 47. Nf5 Re2+ 48. Kf6 Rc2 49. h5 Rxc5 50. h6 Rc6+ 51. Kg5 Rc2 52. h7 Rh2 53. Nh4 a2 54. Bxa2 Rxa2 55. h8Q Ra5+ 56. Nf5 Rxf5+ 57. Kxf5 1-0

[Event "ROM-ch U12"]
[Site "Calimanesti Caciulata"]
[Date "2016.04.21"]
[Round "5"]
[White "Balan, Bogdan"]
[Black "Titu, Robert Stefan"]
[Result "1-0"]
[WhiteElo "1532"]
[BlackElo "1245"]
[PlyCount "95"]
[EventDate "2016.04.18"]
[EventType "swiss"]
[EventRounds "9"]
[EventCountry "ROU"]
[SourceTitle "CBM 172 Extra"]
[Source "ChessBase"]
[SourceDate "2016.06.21"]
[SourceVersion "1"]
[SourceVersionDate "2016.06.21"]
[SourceQuality "1"]

1. d4 d5 2. c4 e6 3. e3 c5 4. Nc3 Nc6 5. cxd5 exd5 6. dxc5 Bxc5 7. Qxd5 Bd6 8. Bb5 Nge7 9. Bxc6+ Nxc6 10. Nb5 Bb4+ 11. Bd2 Bxd2+ 12. Qxd2 Qxd2+ 13. Kxd2 Ke7 14. Nf3 Rd8+ 15. Nbd4 Bf5 16. Ke2 Bd7 17. Nxc6+ Bxc6 18. Nd4 Bd7 19. Rac1 Rac8 20. a3 Kf6 21. b4 Ba4 22. Kd2 b6 23. Rxc8 Rxc8 24. Rc1 Rxc1 25. Kxc1 Ke5 26. Kd2 Bd7 27. Kd3 Kd5 28. e4+ Ke5 29. g3 g5 30. Ke3 f5 31. Nxf5 Bxf5 32. exf5 Kxf5 33. f4 h6 34. h3 gxf4+ 35. gxf4 h5 36. Kf3 h4 37. Ke3 b5 38. Kf3 a6 39. Ke3 Kf6 40. Ke4 Ke6 41. f5+ Kf6 42. Kf4 Kf7 43. Kg5 Kg7 44. Kxh4 Kh6 45. Kg4 Kg7 46. Kf4 Kf6 47. h4 Kg7 48. Ke5 1-0

[Event "ROM-ch U12"]
[Site "Calimanesti Caciulata"]
[Date "2016.04.19"]
[Round "2"]
[White "Stoian, Cristian Georgian"]
[Black "Balan, Bogdan"]
[Result "1-0"]
[WhiteElo "1885"]
[BlackElo "1532"]
[PlyCount "75"]
[EventDate "2016.04.18"]
[EventType "swiss"]
[EventRounds "9"]
[EventCountry "ROU"]
[SourceTitle "CBM 172 Extra"]
[Source "ChessBase"]
[SourceDate "2016.06.21"]
[SourceVersion "1"]
[SourceVersionDate "2016.06.21"]
[SourceQuality "1"]

1. e4 e6 2. d4 d5 3. e5 c5 4. c3 Nc6 5. Nf3 Qb6 6. Bd3 Bd7 7. 0-0 cxd4 8. cxd4 Nxd4 9. Nbd2 Bb4 10. Nxd4 Qxd4 11. Nf3 Qb6 12. a3 Be7 13. b4 Qd8 14. Qe2 b6 15. Bd2 h5 16. Nd4 g6 17. Rac1 Nh6 18. Bxh6 Rxh6 19. Nc6 Bxc6 20. Rxc6 Rc8 21. Qe3 Rh8 22. Rxc8 Qxc8 23. Rc1 Qb7 24. Qf3 a5 25. bxa5 bxa5 26. a4 Bg5 27. Rb1 Qc7 28. h4 Bxh4 29. Qf4 Be7 30. Rc1 Qb7 31. Rc6 g5 32. Qf3 h4 33. Ba6 Qb1+ 34. Kh2 Rh6 35. Rc8+ Bd8 36. Bb5+ Ke7 37. Qe3 Qf5 38. Qc5# 1-0